[Event "ALG-chT"]
[Site "Staoueli"]
[Date "2014.08.24"]
[Round "5.3"]
[White "Nassr, Ahmed"]
[Black "Khelfallah, Omar Badreddine"]
[Result "1/2-1/2"]
[WhiteElo "1911"]
[BlackElo "2112"]
[PlyCount "47"]
[EventDate "2014.08.22"]
[EventType "team-swiss"]
[EventRounds "9"]
[EventCountry "ALG"]
[SourceTitle "EXT 2016"]
[Source "ChessBase"]
[SourceDate "2015.10.08"]
[SourceVersion "1"]
[SourceVersionDate "2015.10.08"]
[SourceQuality "1"]
[WhiteTeam "Est Tizi Ouzou"]
[BlackTeam "Constantine CEC"]
[WhiteTeamCountry "ALG"]
[BlackTeamCountry "ALG"]

1. d4 Nf6 2. Nf3 c5 3. d5 d6 4. c4 e5 5. Nc3 Nbd7 6. e4 Be7 7. Bd3 a6 8. 0-0 Nf8 9. a3 h5 10. b4 b6 11. bxc5 bxc5 12. Rb1 Ng6 13. Na4 Nd7 14. Bd2 Bf6 15. Re1 h4 16. Bf1 0-0 17. Qc2 Qe8 18. Nb6 Nxb6 19. Rxb6 Qd7 20. Bg5 Bd8 21. Rbb1 Ba5 22. Bd2 Bd8 23. Bg5 Ba5 24. Bd2 1/2-1/2

[Event "ALG-chT"]
[Site "Staoueli"]
[Date "2014.08.22"]
[Round "1"]
[White "Lekhchine, Riad"]
[Black "Khelfallah, Omar Badreddine"]
[Result "1-0"]
[WhiteElo "1973"]
[BlackElo "2112"]
[PlyCount "97"]
[EventDate "2014.08.22"]
[EventType "team-swiss"]
[EventRounds "9"]
[EventCountry "ALG"]
[SourceTitle "EXT 2016"]
[Source "ChessBase"]
[SourceDate "2015.10.08"]
[SourceVersion "1"]
[SourceVersionDate "2015.10.08"]
[SourceQuality "1"]
[WhiteTeam "Constantine ASEC"]
[BlackTeam "Constantine CEC"]
[WhiteTeamCountry "ALG"]
[BlackTeamCountry "ALG"]

1. e4 c5 2. Nc3 a6 3. Nf3 e6 4. d4 cxd4 5. Nxd4 Qc7 6. a3 Nf6 7. Bd3 Bc5 8. Nf3 Nc6 9. 0-0 b5 10. h3 h5 11. Ne2 Bb7 12. Bf4 d6 13. b4 Bb6 14. Rc1 Ne5 15. Ng5 Rc8 16. Bxe5 dxe5 17. c4 bxc4 18. Rxc4 Qe7 19. Rxc8+ Bxc8 20. h4 0-0 21. Qa4 Qa7 22. Qc2 Ng4 23. Nh3 Bb7 24. Ng3 g6 25. Be2 Rc8 26. Qd2 Ne3 27. Rc1 Rxc1+ 28. Qxc1 Ng4 29. Qe1 Qb8 30. Bxg4 hxg4 31. Ng5 Qd8 32. Qe2 Qf6 33. Qxg4 Qxf2+ 34. Kh2 Qg1+ 35. Kh3 f5 36. Qe2 Qc1 37. Qd3 Qc6 38. Qb3 f4 39. Nf1 Bc8 40. Nh2 Qc1 41. Ngf3 Qe3 42. Qc2 Bb7 43. Ng4 Qxa3 44. Qc4 Kf7 45. Ngxe5+ Kg7 46. Qxe6 Bxe4 47. Qxb6 Qa1 48. Qc7+ Kh6 49. Ng4+ 1-0

[Event "Monastir Belkadhi op-A"]
[Site "Monastir"]
[Date "2014.05.05"]
[Round "4"]
[White "Seddaoui, Yamine"]
[Black "Khelfallah, Omar Badreddine"]
[Result "1/2-1/2"]
[WhiteElo "2113"]
[BlackElo "2112"]
[PlyCount "54"]
[EventDate "2014.05.03"]
[EventType "swiss"]
[EventRounds "9"]
[EventCountry "TUN"]
[SourceTitle "CBM 160 Extra"]
[Source "ChessBase"]
[SourceDate "2014.07.01"]
[SourceVersion "1"]
[SourceVersionDate "2014.07.01"]
[SourceQuality "1"]

1. e4 c5 2. Nf3 e6 3. c4 a6 4. Be2 d6 5. d4 cxd4 6. Nxd4 Nf6 7. Nc3 Be7 8. Be3 Nbd7 9. 0-0 Qc7 10. Rc1 b6 11. Qd2 Bb7 12. f3 0-0 13. Rfd1 Rac8 14. Qe1 Qb8 15. Qg3 Kh8 16. Qh3 Rfe8 17. g4 g5 18. Bxg5 Rg8 19. Bf4 Bd8 20. Bg3 Ne5 21. Nc2 Be7 22. Ne3 Rg7 23. Kh1 Rcg8 24. Ng2 Qf8 25. Bf4 Qc8 26. Bg3 Qf8 27. Bf4 Qc8 1/2-1/2

[Event "Monastir Belkadhi op-A"]
[Site "Monastir"]
[Date "2014.05.04"]
[Round "2"]
[White "Khelfallah, Omar Badreddine"]
[Black "Adrian, Claude"]
[Result "0-1"]
[WhiteElo "2112"]
[BlackElo "2226"]
[PlyCount "88"]
[EventDate "2014.05.03"]
[EventType "swiss"]
[EventRounds "9"]
[EventCountry "TUN"]
[SourceTitle "CBM 160 Extra"]
[Source "ChessBase"]
[SourceDate "2014.07.01"]
[SourceVersion "1"]
[SourceVersionDate "2014.07.01"]
[SourceQuality "1"]

1. e4 c5 2. Nf3 Nc6 3. Nc3 g6 4. Bb5 Bg7 5. Bxc6 dxc6 6. h3 Nh6 7. d3 f6 8. Be3 b6 9. Qd2 Nf7 10. 0-0-0 e5 11. Nh2 Be6 12. f4 Qd7 13. Nf3 exf4 14. Bxf4 0-0-0 15. Kb1 Kb7 16. Rhe1 h6 17. Qf2 g5 18. Bh2 f5 19. exf5 Bxf5 20. Ne5 Nxe5 21. Bxe5 Rhf8 22. Qg3 Rde8 23. Bxg7 Qxg7 24. Rxe8 Rxe8 25. Re1 Qd7 26. a3 Rxe1+ 27. Qxe1 Qe6 28. Qxe6 Bxe6 29. Kc1 Kc7 30. Kd2 Kd6 31. Ke3 Ke5 32. b4 cxb4 33. d4+ Kd6 34. axb4 a5 35. bxa5 bxa5 36. Na4 Bc4 37. Nb6 Bf1 38. Kf2 Bb5 39. c4 a4 40. cxb5 cxb5 41. Nc8+ Kd7 42. Nb6+ Kc6 43. Nc8 a3 44. Ne7+ Kd7 0-1

[Event "ALG-ch 26th"]
[Site "Staoueli"]
[Date "2014.04.03"]
[Round "8"]
[White "Khelfallah, Omar Badreddine"]
[Black "Belouadah, Saad"]
[Result "0-1"]
[WhiteElo "2107"]
[BlackElo "2298"]
[PlyCount "84"]
[EventDate "2014.03.30"]
[EventType "tourn"]
[EventRounds "11"]
[EventCountry "ALG"]
[SourceTitle "CBM 159 Extra"]
[Source "ChessBase"]
[SourceDate "2014.04.24"]
[SourceVersion "1"]
[SourceVersionDate "2014.04.24"]
[SourceQuality "1"]

1. e4 d5 2. exd5 Nf6 3. c4 c6 4. d4 cxd5 5. Nc3 Nc6 6. Bg5 e6 7. Nf3 Be7 8. c5 0-0 9. Bb5 Bd7 10. 0-0 Ne4 11. Bxe7 Qxe7 12. Rc1 f5 13. Re1 Be8 14. Bxc6 bxc6 15. Ne5 Rb8 16. Rc2 Qh4 17. f3 Ng5 18. Qd2 f4 19. Qf2 Qh5 20. Ne2 Rf6 21. Rd2 Nf7 22. Ng4 Rf5 23. Kh1 Qg5 24. Ng1 h5 25. Nh3 Qg6 26. Ne5 Nxe5 27. dxe5 Qh6 28. Rd4 g5 29. Qd2 Rb7 30. Nf2 Qg7 31. Nd3 Kh7 32. Ra4 h4 33. h3 Bg6 34. Qc3 Rf8 35. Nf2 Qf7 36. Rb4 Rfb8 37. Rxb7 Qxb7 38. Nd3 Qa6 39. Rd1 Bxd3 40. Qxd3+ Qxd3 41. Rxd3 Rxb2 42. Ra3 Rb7 0-1

[Event "ALG-ch sf"]
[Site "Algiers"]
[Date "2014.01.11"]
[Round "4"]
[White "Khelfallah, Omar Badreddine"]
[Black "Mezioud, Amina"]
[Result "1-0"]
[WhiteElo "2089"]
[BlackElo "2071"]
[PlyCount "37"]
[EventDate "2014.01.10"]
[EventType "swiss"]
[EventRounds "7"]
[EventCountry "ALG"]
[SourceTitle "CBM 158 Extra"]
[Source "ChessBase"]
[SourceDate "2014.02.28"]
[SourceVersion "1"]
[SourceVersionDate "2014.02.28"]
[SourceQuality "1"]

1. e4 e5 2. Nc3 Nf6 3. f4 d6 4. Nf3 Nc6 5. Bb5 exf4 6. d4 Bd7 7. 0-0 a6 8. Bc4 b5 9. Bb3 Be7 10. Bxf4 0-0 11. e5 dxe5 12. dxe5 Bc5+ 13. Kh1 Ng4 14. Ne4 Be3 15. Nfg5 Bxf4 16. Rxf4 Ncxe5 17. h3 Nh6 18. Qh5 Nc4 19. Rf6 1-0

[Event "Algiers Ameyar Memorial-A 11th"]
[Site "Algiers"]
[Date "2012.11.18"]
[Round "5"]
[White "Khelfallah, Omar Badreddine"]
[Black "Meftahi, Houssem"]
[Result "1/2-1/2"]
[WhiteElo "2120"]
[BlackElo "2002"]
[PlyCount "45"]
[EventDate "2012.11.16"]
[EventType "swiss"]
[EventRounds "9"]
[EventCountry "ALG"]
[SourceTitle "CBM 151 Extra"]
[Source "ChessBase"]
[SourceDate "2012.12.18"]
[SourceVersion "1"]
[SourceVersionDate "2012.12.18"]
[SourceQuality "1"]

1. e4 c5 2. c3 Nf6 3. e5 Nd5 4. d4 cxd4 5. cxd4 Nc6 6. Nf3 d6 7. Bc4 Nb6 8. Bb3 dxe5 9. d5 Na5 10. Nc3 Nxb3 11. Qxb3 e6 12. Nxe5 exd5 13. Be3 Be6 14. Qb5+ Bd7 15. Nxd7 Qxd7 16. Bxb6 axb6 17. Qxd7+ Kxd7 18. Nxd5 Bc5 19. 0-0 Kc6 20. Ne3 Rhe8 21. Rfd1 b5 22. Rac1 Rad8 23. a3 1/2-1/2

[Event "ALG-ch 24th"]
[Site "Sidi Bel Abbes"]
[Date "2012.03.06"]
[Round "9"]
[White "Khelfallah, Omar Badreddine"]
[Black "Salhi, Nouressadat"]
[Result "1/2-1/2"]
[WhiteElo "2145"]
[BlackElo "2115"]
[PlyCount "74"]
[EventDate "2012.03.01"]
[EventType "tourn"]
[EventRounds "9"]
[EventCountry "ALG"]
[SourceTitle "CBM 147 Extra"]
[Source "ChessBase"]
[SourceDate "2012.04.24"]
[SourceVersion "1"]
[SourceVersionDate "2012.04.24"]
[SourceQuality "1"]

1. e4 c5 2. Nc3 Nc6 3. Bb5 g6 4. f4 Bg7 5. Nf3 d6 6. Bxc6+ bxc6 7. d3 Nf6 8. 0-0 0-0 9. Qe1 Ne8 10. Be3 Rb8 11. Rb1 Nc7 12. Qh4 Ne6 13. Qf2 Qb6 14. e5 Nd4 15. Nxd4 cxd4 16. Bxd4 c5 17. Be3 Bb7 18. Ne4 Bxe4 19. dxe4 Qc6 20. exd6 exd6 21. e5 Rfe8 22. c3 dxe5 23. fxe5 Rxe5 24. Qxf7+ Kh8 25. Qf3 Qe6 26. Bf4 Rf8 27. Qg3 Ref5 28. Rfe1 Qxa2 29. Bd6 Rc8 30. Qe3 Qc4 31. Rbd1 a5 32. Qe2 Qxe2 33. Rxe2 Rd8 34. Red2 a4 35. Bxc5 Rxd2 36. Rxd2 Bxc3 37. bxc3 Rxc5 1/2-1/2

[Event "Olympiad-39"]
[Site "Khanty-Mansiysk"]
[Date "2010.09.25"]
[Round "5.3"]
[White "Khelfallah, Omar Badreddine"]
[Black "Fekadu, Desalegn Jimma"]
[Result "0-1"]
[WhiteElo "2183"]
[BlackElo "2204"]
[PlyCount "66"]
[EventDate "2010.09.21"]
[EventType "team-swiss"]
[EventRounds "11"]
[EventCountry "RUS"]
[SourceTitle "CBM 139"]
[Source "ChessBase"]
[SourceDate "2010.11.18"]
[SourceVersion "1"]
[SourceVersionDate "2010.11.18"]
[SourceQuality "1"]
[WhiteTeam "Algeria"]
[BlackTeam "Ethiopia"]
[WhiteTeamCountry "ALG"]
[BlackTeamCountry "ETH"]

1. e4 c5 2. Nc3 d6 3. f4 Nc6 4. Nf3 Bg4 5. Bb5 Rc8 6. h3 Bxf3 7. Qxf3 e6 8. Bxc6+ bxc6 9. 0-0 Nf6 10. d3 Be7 11. Bd2 0-0 12. Rae1 c4 13. e5 dxe5 14. fxe5 Nd7 15. d4 Qb6 16. Qe4 Qxb2 17. Rb1 Qa3 18. Rb7 Rcd8 19. Nb1 Qa6 20. Rc7 c5 21. Be3 cxd4 22. Bxd4 Qxa2 23. Nc3 Qa5 24. Rxc4 Nb6 25. Rc7 Rd7 26. Rxd7 Nxd7 27. Rb1 Bc5 28. Kh1 Bxd4 29. Qxd4 Qxe5 30. Qd2 Nf6 31. Rb7 Nh5 32. Rb5 Ng3+ 33. Kg1 Qxc3 0-1

[Event "Olympiad-39"]
[Site "Khanty-Mansiysk"]
[Date "2010.09.21"]
[Round "1.4"]
[White "Alsina Leal, Daniel"]
[Black "Khelfallah, Omar Badreddine"]
[Result "1-0"]
[WhiteElo "2523"]
[BlackElo "2183"]
[PlyCount "101"]
[EventDate "2010.09.21"]
[EventType "team-swiss"]
[EventRounds "11"]
[EventCountry "RUS"]
[SourceTitle "CBM 139"]
[Source "ChessBase"]
[SourceDate "2010.11.18"]
[SourceVersion "1"]
[SourceVersionDate "2010.11.18"]
[SourceQuality "1"]
[WhiteTeam "Spain"]
[BlackTeam "Algeria"]
[WhiteTeamCountry "ESP"]
[BlackTeamCountry "ALG"]

1. e4 c5 2. Nf3 e6 3. d4 cxd4 4. Nxd4 Nc6 5. Nc3 Qc7 6. Be2 a6 7. 0-0 Nf6 8. Be3 Bb4 9. Na4 Be7 10. Nxc6 bxc6 11. Nb6 Rb8 12. Nxc8 Qxc8 13. Bd4 0-0 14. e5 Nd5 15. c4 Nf4 16. g3 Ng6 17. b3 c5 18. Bc3 Qc7 19. f4 f6 20. exf6 Bxf6 21. Bxf6 Rxf6 22. Qd2 Rd8 23. Rad1 d6 24. Bg4 Ne7 25. Rfe1 Kf7 26. Re3 Nf5 27. Bxf5 Rxf5 28. Rde1 Re8 29. Rd3 Rd8 30. Rd1 Ke7 31. Qe2 Kf7 32. Qe4 h6 33. g4 Rf6 34. g5 Rf5 35. gxh6 gxh6 36. Rg3 Qe7 37. Qg2 Qf6 38. Qb7+ Kf8 39. Qh7 Qf7 40. Qxh6+ Ke7 41. Qh4+ Rf6 42. Kh1 Kd7 43. Rg4 Rf8 44. Qg3 Qh5 45. Qf3 R6f7 46. Qb7+ Ke8 47. Qc6+ Ke7 48. Qxd6+ Kf6 49. Rdg1 Rh8 50. Rg6+ Qxg6 51. Qe5+ 1-0